00501pab a2200169 454500008004000000100002000040245008900060260000900149300001300158362000800171650001500179650002200194650002700216650003700243650002700280773002400307180718b2010 xxu||||| |||| 00| 0 eng d aSingh, Jatinder aConcentration in India's manufacturing industry: impact of investment liberalization c2010 ap.55-66. aSep aInvestment aIndian investment aLiberalization - India aIndia - Manufacturing industries aManufacturing industry aMan and Development